00769nam a22002177a 4500003000500000005001700005008004100022010001000063011001000073035001100083040000900094100003400103245009700137260011000234300001900344410006000363650002800423650001000451700003000461810006000491CHAP20220817044141.0070212d19966 mx r 00110 spa d a93299 a94271 a104858 cCHAP1 aAguilar Melchor, Juan José.10aComo podar frutales caducifoliosc/por Juan José Aguilar Melchor y Rodolfo Muñoz Pérez aCoatepec de Harinas, Edo. de México :bFundación Slavador Sánchez Colín. CICTAMEX, S. C. :c1996. a12 p. :bilus.00aFundación Salvador Sánchez Colín. CICTAMEXv; 17714aArboles frutalesxPoda.14aPoda.1 aMuñoz Pérez, Rodolfo.00aFundación Salvador Sánchez Colín. CICTAMEXv; 177